Регионална библиотека "Любен Каравелов" - Русе

Добрият тон задължава (Запис номер 12452)

MARC детайли
000 -Лидер
Контролно поле с фиксирана дължина nam a22 a 4500
003 - Код на организацията, давaща контролен номер
Контролно поле BLK
005 - Дата и час на последна редакция
Контролно поле 20220808095758.0
008 - Елементи от данни с фиксирана дължина
fixed length control field 180412b bul|||||r ||||||| ||bul||
010 ## - Наследен системен номер
LC control number KNG00014058000
020 ## - Международен стандартен номер на книга ISBN
Международен стандартен номер на книга ISBN 9789546494528
040 ## - Източник на каталожния запис
Идентификатор на билиотеката - собственик на записа BLK
041 ## - Код за език
Код за езика на текст/звукозапис или на отделно заглавие Български
Код за езика КДБФ Български
080 ## - УДК
Текстов определител УДК Нрави и обичаи в частния живот. Обреди при раждане, кръщене, пълнолетие, жертвопринасяне, сватба, семеен живот, брак, любов, дружба, гостоприемство, осиновяване и др.
УДК код - определител по УДК 392
УДК - код + определител 392
100 1# - Редна дума - Автор
Автор Клермон-Тонер, Ермин дьо
Авторска отговорност първи автор
R(LIN) 79685
139 ## - Редно поле
Редна дума Клермон-Тонер, Ермин дьо
Авторски знак Кла - К 63
245 10 - Сведения за заглавието
Заглавие Добрият тон задължава
Подзаглавни данни Изкуството да живеем днес
Редно поле (дума) Ермин дьо Клермон-Тонер.
260 ## - Област на издателските данни
Име на издателя, разпространителя и проч. Сиела Софт енд Паблишинг
Година на издаване 2001
300 ## - Физическа характеристика
Страници 316 с.
Размери/Мащаб 21 см
380 ## - Жанр
Жанр Обществени науки
500 ## - Общи забележки
Забележка Авт. на загл. стр. е Принцеса Ермин дьо Клермон-Тонер
650 #4 - Допълнително описание по предмет – тема
Основно описание – тема или топоним Обичаи
9 (RLIN) 164387
650 #4 - Допълнително описание по предмет – тема
Основно описание – тема или топоним Общуване - етикет
9 (RLIN) 257540
852 ## - Местоположение
Форматна сигнатура Цб 210603
856 4# - Електронен адрес и достъп
Електронен формат pdf - файл
Път до файла /url/
856 4# - Електронен адрес и достъп
Електронен формат pdf - файл
Път до файла /url/
999 ## - СИСТЕМНИ КОНТРОЛНИ НОМЕРА
Koha biblionumber 12452
Koha biblioitemnumber 12452
942 ## - АРТИКУЛИ
Вид на библиотечния материал Книги
Скрит в OPAC Не
Периодичен библиозапис Да
944 ## - СЪЗДАВАНЕ И РЕДАКЦИЯ на ЗАПИСА
Създаване/Редакция Създаване
Дата на регистрацията/редакция 15.01.2003
Служител, извършил регистрацията/редакцията AB_DOS
944 ## - СЪЗДАВАНЕ И РЕДАКЦИЯ на ЗАПИСА
Създаване/Редакция Редакция
Дата на регистрацията/редакция 15.01.2003
999 ## - СИСТЕМНИ КОНТРОЛНИ НОМЕРА
Koha biblioitemnumber 12452
Наличности
Код за отписване Код за изгубен артикул Източник на класификационната схема Код за повреда Коз за рестрикции Код за отдаване Артикулен № Име на библиотеката - собственик Име на библиотеката, в която се намира в момента Статус (Текущо местоположение) Дата на вписване в системата Местоположение - отдел Цена в лева Инвентарен номер Систематично азбучна сигнатура Баркод Номер на екземпляра Цена в евро Служебна бележка Служебен тип на артикула
Изтеглен Не е изгубен Universal Decimal Classification Не е повреден без рестрикции заемане за дома 21534 Регионална библиотека "Любен Каравелов" Русе Регионална библиотека "Любен Каравелов" Русе Заемна - подръчен фонд 2002-01-10 Заемна - подръчен фонд 6.50 668634 392/К 63 668634 1 3.32 Дост: Pk Вид: Ф N: 60 Дата: 18.12.2001 Книги
  Не е изгубен Universal Decimal Classification Не е повреден само за читалня ползва се в читалня 899716 Регионална библиотека "Любен Каравелов" Русе Регионална библиотека "Любен Каравелов" Русе Хранилище 2022-08-11 Основен фонд - ползва се само за читалня 6.50   Цб 312918 120000873930   3.32   Книги
Vip Innovations Ltd, Rousse, Bulgaria 2025